| 000 | 01251nam a2200337 i 4500 | ||
|---|---|---|---|
| 003 | CO-BoRNBP | ||
| 005 | 20250331111623.0 | ||
| 007 | ta | ||
| 008 | 231121s2023 ck a|||br|||| 00| f|spa d | ||
| 020 | _a9786287672055 | ||
| 040 |
_aCO-BoRNBP _bspa _erda _cCO-BoRNBP |
||
| 041 | 0 | _aspa | |
| 043 | _as-ck--- | ||
| 084 | _aN ECH3 | ||
| 100 | 1 |
_aEchavarría, Albeiro _d1963- _eautor _91583 |
|
| 245 | 1 | 0 |
_aClímaco lupín y el secreto de las sandías gigantes _cAlbeiro Echavarría ; ilustraciones de Natalia Rojas |
| 250 | _aEdición especial | ||
| 264 | 1 |
_aBogotá, Colombia _bLoqueleo _c2023 |
|
| 300 |
_a191 páginas _bilustraciones en blanco y negro _c21 cm |
||
| 336 |
_atexto _btxt _2rdacontent |
||
| 337 |
_asin mediación _bn _2rdamedia |
||
| 338 |
_avolumen _bnc _2rdacarrier |
||
| 500 | _aContiene índice y biografía al finalizar la obra. | ||
| 521 | _aRecomendado para un público infantil a partir de los 6 años. | ||
| 650 | 1 | 7 |
_aNovela infantil colombiana _ySiglo XX _2ARMARC _9365 |
| 650 | 1 | 7 |
_aLiteratura infantil colombiana _ySiglo XX _2ARMARC _9364 |
| 650 | 1 | 7 |
_aNovela policíaca colombiana _2ARMARC _914748 |
| 650 | 1 | 7 |
_aMisterio en la literatura _2ARMARC _9542 |
| 700 | 1 |
_aRojas, Natalia _eilustradora |
|
| 942 |
_2loc _cBKLITI |
||
| 999 |
_c57071 _d57071 |
||